01377 a2200265 4500003000500000005001700005010001600022020003000038020002400068040000900092082001600101100002800117245006800145260004800213300003500261505036100296650004700657650003400704650003900738856008900777856009000866942001200956999001900968952012400987Nust20221208123025.0 a 86017950 a019504276X (alk. paper) : a0195042778 (pbk.) : cNust00a530.13, CHA1 aChandler, David,93979910aIntroduction to modern statistical mechanics /cDavid Chandler. aNew York :bOxford University Press,c1987. axiii, 274 p. :bill. ;c25 cm. a Thermodynamics Fundamentals (Page-3), Condition for Equilibrium and Stability (Page-28), Statistical Mechanics (Page-54), Non- Interacting Ideal Systems (Page-86), Statistical Mechanical Theory of Phase (Page-119), Monte Carlo Methods in Statistical Mechanics (Page-159), Classical Fluids (Page-188), Statistical Mechanics of Non Equilibrium (Page-234).  0aChemistry, Physical and theoretical.91241 0aStatistical mechanics.934451 0aStatistical thermodynamics.939800423Publisher descriptionuhttp://www.loc.gov/catdir/enhancements/fy0602/86017950-d.html423Table of contents onlyuhttp://www.loc.gov/catdir/enhancements/fy0602/86017950-t.html 2ddccBK c180605d180605 00102ddc4070aMCSbMCScGENd2016-12-12o530.13, CHApMCS1028r2016-12-08w2016-12-12yBKzAlmirah No.16, Shelf No.1